000 00749 a2200205 4500
999 _c8671
_d8671
020 _a0132663473
050 0 0 _aBS1197 TUL 1996
100 1 _aTullock, John H.
245 1 4 _aThe Old Testament Story /
_cJohn H. Tullock.
250 _a4th ed.
264 _aNew Jersey:
_bPrentice Hall,
_c1996.
300 _axv, 394 p. :
_bill., maps ;
500 _aincludes index
504 _aIncludes bibliographical references.
650 _aBible. -- Old Testament -- History of Biblical events.
650 _aBible. -- Old Testament -- History of contemporary events.
650 _aBible. -- Old Testament -- Introductions.
942 _2lcc
_cBK
_e4th
_h1197
_iTUL
_kBS